♫ "Bang!" - Lyrics - AJR ♫ - Statistics

General Stats
  • This quiz has been taken 275 times
    206 since last reset
  • The average score is 293 of 365
Answer Stats
Lyric % Correct
a
98%
I
98%
Bang!
97%
bang!
97%
bang
97%
(Bang,
97%
bang)
97%
go
96%
go!)
96%
ooh-dee-la-dee-doe
96%
Oo-dee-la-dee-doe
95%
So
94%
so
94%
up,
93%
up
93%
(Up
93%
I'm
92%
Do
91%
to
91%
an
90%
And
89%
and
89%
the
89%
get
88%
you
87%
it's
86%
down
85%
of
85%
on
85%
(On
85%
out
85%
Put
85%
put
85%
around
84%
hell
84%
jumpin'
84%
with
84%
time
83%
Been
82%
(Here
82%
here
82%
Let's
82%
Come
81%
(Come
81%
(come
81%
come
81%
everybody
81%
ride
81%
song
81%
this
81%
your
81%
Pretend
80%
best
79%
But
79%
know
79%
now
79%
hang
78%
hang)
78%
thinking
78%
we
78%
face
77%
are
73%
my
72%
for
71%
comfortable
68%
ruckus
65%
grow
64%
like
64%
rumpus
64%
way
63%
too
62%
Feel
61%
old
61%
young
61%
'Cause
58%
got
58%
lie
57%
apartment
56%
fridge
56%
in
56%
somethin'
56%
somethin')
56%
whatever
56%
across
55%
all
54%
(All
54%
forever
54%
from
54%
not
54%
try
53%
try,
53%
feeling
51%
hope
51%
or
51%
show
51%
Thank
51%
password
50%
begin
49%
one
49%
two?
49%
park
48%
Still,
48%
taxes
48%
comin'
47%
comin')
47%
quinoa
47%
(Metronome!)
46%
due
44%
gonna
44%
grown
44%
puke
44%
budget
42%
budget)
42%
Yeah,
41%
Man,
39%
bang-bang-bang-bang)
1%
bang-bang-bang-bang,
1%
No matching quizzes found
Score Distribution
Percent of People with Each Score
Percentile by Number Answered
Your Score History
You have not taken this quiz since the last reset